000 00278nam a2200121 a 4500
008 100924s1960|||| d
100 1 _aFaber, F.
245 1 0 _aČervenie sa song-cai
260 _bOsveta
_aBratislava
_c1960
020 _c18,20
044 _axo
_cSK
041 _aslo
999 _c10671
_d10671